Effectif RC Strasbourg 2025/2026 - Statistiques

Statistiques générales
  • Ce quiz a été pris 150 fois
    8 depuis la dernière actualisation
  • Le résultat moyen est 16 sur 26
Statistiques - réponses
Poste Numéro Pays Joueur % Correct
G 39 Belgique Mike Penders
100%
DEF 3 Angleterre Ben Chilwell
83%
MIL 7 Belgique Diego Moreira
83%
ATT 10 Pays-Bas Emmanuel Emegha
83%
DEF 22 Côte d'Ivoire Guéla Doué
83%
ATT 9 Argentine Joaquín Panichelli
83%
MIL 19 Paraguay Julio Enciso
83%
MIL 11 Suède Sebastian Nanasi
83%
MIL 32 Argentine Valentín Barco
83%
COACH - Angleterre Gary O'Neil
67%
DEF 6 France Ismaël Doukouré
67%
G 1 Suède Karl-Johan Johnsson
67%
DEF 24 Danemark Lucas Høgsberg
67%
ATT 20 Côte d'Ivoire Martial Godo
67%
MIL 29 Maroc Samir El Mourabet
67%
DEF 42 Côte d'Ivoire Abdoul Ouattara
50%
DEF 2 Irlande Andrew Omobamidele
50%
ATT 15 Côte d'Ivoire David Datro Fofana
50%
MIL 8 Pologne Maxi Oyedele
50%
ATT 27 Angleterre Samuel Amo-Ameyaw
50%
DEF 5 Argentine Aarón Anselmino
33%
ATT 80 Maroc Gessime Yassine
33%
MIL 18 France Junior Mwanga
33%
MIL 17 France Mathis Amougou
33%
MIL 83 Portugal Rafael Luís
33%
G 50 France Stefan Bajic
17%
Aucun quiz correspondant
Distribution des résultats
% des personnes avec chaque résultat
Percentile par nombre de réponses
Votre historique - résultats
Vous n’avez pas pris ce quiz depuis la dernière actualisation